Logo BPK

Biblioteka

Politechniki Koszalińskiej

Kolebatelnye spektry mnogoatomnych molekul / (Rekord nr 13486)

Szczegóły MARC
000 -ETYKIETA REKORDU
podpole kontrolne o stałej długości 00410nam a2200157 i 4500
001 - NUMER KONTROLNY REKORDU
pole kontrolne bg
040 ## - ŹRÓDŁO KATALOGOWANIA
Instytucja, która utworzyła rekord BPK
041 ## - KOD JĘZYKA
Kod języka tekstu pol
008 - POLE O STAŁEJ DŁUGOŚCI - DANE KONTROLNE
podpole kontrolne o stałej długości s pl f |000 0 pol
100 1# - NAZWA OSOBOWA
Nazwa osobowa SVERDLOV, L. M.
245 #0 - TYTUŁ/ODPOWIEDZIALNOŚĆ
Tytuł Kolebatelnye spektry mnogoatomnych molekul /
Pozostałe elementy strefy tytułu i oznaczenia odpowiedzialności L.M. Sverdlov, M.A. Kovner, E.P. Krajnov.
260 ## - STREFA ADRESU WYDAWNICZEGO
Miejsce wydania Moskva,
Data publikacji, dystrybucji/powstania dokumentu 1970.
700 1# - HASŁO DODATKOWE - NAZWA OSOBOWA
Nazwa osobowa KOVNER, M. A.
700 1# - HASŁO DODATKOWE - NAZWA OSOBOWA
Nazwa osobowa KRAJNOV, E. P.
856 ## - LOKALIZACJA I DOSTĘP DO ELEKTRONICZNYCH DOKUMENTÓW ZDALNYCH
Link (URL) http://koha.tu.koszalin.pl/cgi-bin/koha/opac-detail.pl?biblionumber=13486
Tekst linku Katalog online BPK
942 ## - DODATKOWE ELEMENTY (KOHA)
Typ dokumentu Książka
Egzemplarze
Wycofany Status egzemplarza Uszkodzony Dostępność Lokalizacja stała Lokalizacja bieżąca Miejsce przechowywania Sygnatura Kod kreskowy Typ dokumentu
      Dostępny Biblioteka Politechniki Koszalińskiej Biblioteka Politechniki Koszalińskiej Wypożyczalnia BG 10622 01751901 Książka
© 2023 Biblioteka Politechniki Koszalińskiej :: KOHA